[Event "Budapest Vezerkepzo GM 04"]
[Site "Budapest"]
[Date "2023.04.19"]
[Round "7"]
[White "Ilamparthi, AR."]
[Black "Grover, Sahaj"]
[Result "0-1"]
[WhiteElo "2408"]
[BlackElo "2509"]
[PlyCount "74"]
[EventDate "2023.04.13"]
[EventType "tourn"]
[EventRounds "9"]
[EventCountry "HUN"]
[EventCategory "6"]
[SourceTitle "CBM 213 Extra"]
[Source "ChessBase"]
[SourceDate "2023.05.31"]
[SourceVersion "1"]
[SourceVersionDate "2023.05.31"]
[SourceQuality "1"]

1. e4 e5 2. Nf3 Nc6 3. d3 d6 4. g3 f5 5. exf5 Bxf5 6. Bg2 Be7 7. 0-0 Nf6 8. c3 Qc8 9. Re1 h6 10. Na3 0-0 11. Nc4 Nd8 12. a4 Ne6 13. b4 Qe8 14. Nh4 Bg4 15. Qb3 Nd7 16. Ne3 Bxh4 17. Nxg4 c6 18. gxh4 Qg6 19. Ne3 d5 20. Qd1 Nf4 21. Qg4 Qf7 22. Nd1 Nxd3 23. Re2 e4 24. Be3 N7e5 25. Qg3 Qh5 26. Raa2 Rf6 27. Kf1 Raf8 28. h3 Rg6 29. Qh2 Nf3 30. Bxf3 Rxf3 31. Nb2 Qxh4 32. Nxd3 exd3 33. Red2 Rxh3 34. Qb8+ Kh7 35. Rxd3 Rg1+ 36. Ke2 Qg4+ 37. f3 Qxf3+ 0-1

[Event "Budapest Vezerkepzo GM 04"]
[Site "Budapest"]
[Date "2023.04.16"]
[Round "4"]
[White "Grover, Sahaj"]
[Black "Arhan, Chethan Anand"]
[Result "1/2-1/2"]
[WhiteElo "2509"]
[BlackElo "2285"]
[PlyCount "129"]
[EventDate "2023.04.13"]
[EventType "tourn"]
[EventRounds "9"]
[EventCountry "HUN"]
[EventCategory "6"]
[SourceTitle "CBM 213 Extra"]
[Source "ChessBase"]
[SourceDate "2023.05.31"]
[SourceVersion "1"]
[SourceVersionDate "2023.05.31"]
[SourceQuality "1"]

1. e4 c5 2. c3 Nf6 3. e5 Nd5 4. d4 cxd4 5. Nf3 d6 6. exd6 e6 7. Nxd4 Bxd6 8. Be2 0-0 9. 0-0 a6 10. c4 Nf6 11. Nc3 e5 12. Nb3 h6 13. Be3 Qc7 14. Na4 Nbd7 15. c5 Be7 16. Rc1 Rd8 17. Qe1 Nd5 18. Bd2 Qc6 19. Bf3 Qe6 20. Na5 N7f6 21. c6 b6 22. c7 Rd6 23. Nc4 Rc6 24. Qxe5 Rxc4 25. Qxe6 fxe6 26. Rxc4 b5 27. Rc6 bxa4 28. Rfc1 Kf7 29. Bc3 Ke8 30. Be5 a3 31. bxa3 Bxa3 32. R1c4 Kd7 33. Bd1 Ne8 34. f4 Nd6 35. Ba4 Nxc4 36. Rxa6+ Ke7 37. Rxa8 Ncb6 38. Rb8 Bd6 39. Bxg7 Bxc7 40. Rxc8 Nxc8 41. Bxh6 Bb6+ 42. Kf1 Ne3+ 43. Ke2 Nd6 44. Kf3 Nef5 45. Bg5+ Kf7 46. h4 Nd4+ 47. Kg4 Ne4 48. h5 Nf2+ 49. Kg3 Ne4+ 50. Kg4 Nf2+ 51. Kg3 Ne4+ 52. Kh4 Nf5+ 53. Kg4 Ne3+ 54. Kf3 Nd2+ 55. Ke2 Ne4 56. Bb3 Nxg5 57. fxg5 Nxg2 58. Kf3 Nh4+ 59. Kg4 Nf5 60. a4 Bc7 61. Ba2 Bb6 62. Bb1 Nh6+ 63. Kf3 Kg7 64. Bg6 Bd8 65. gxh6+ 1/2-1/2

[Event "Budapest FS04 GM"]
[Site "Budapest"]
[Date "2023.04.07"]
[Round "6"]
[White "Grover, Sahaj"]
[Black "Rakshitta, Ravi"]
[Result "0-1"]
[WhiteElo "2509"]
[BlackElo "2264"]
[PlyCount "108"]
[EventDate "2023.04.01"]
[EventType "tourn"]
[EventRounds "9"]
[EventCountry "HUN"]
[EventCategory "6"]
[SourceTitle "CBM 213 Extra"]
[Source "ChessBase"]
[SourceDate "2023.05.31"]
[SourceVersion "1"]
[SourceVersionDate "2023.05.31"]
[SourceQuality "1"]

1. e4 e5 2. Nf3 Nc6 3. Bc4 Bc5 4. d3 Nf6 5. 0-0 d6 6. c3 a6 7. Bb3 Ba7 8. Nbd2 0-0 9. h3 Be6 10. Re1 h6 11. Bc2 Re8 12. Nf1 d5 13. exd5 Bxd5 14. Be3 e4 15. dxe4 Bxe4 16. Qe2 Bxe3 17. Nxe3 Bxc2 18. Qxc2 Ne5 19. Nxe5 Rxe5 20. Nf5 Qe8 21. Rxe5 Qxe5 22. Nd4 Rd8 23. a4 c5 24. Nf3 Qe4 25. Qb3 Qd5 26. Qb6 Rd6 27. Qa7 Ne4 28. Re1 Nd2 29. Ne5 Re6 30. Re3 Qd6 31. Qa8+ Kh7 32. f4 Qe7 33. Rd3 Qh4 34. g3 Qxh3 35. Rxd2 Qxg3+ 36. Rg2 Qxf4 37. Nd3 Qd6 38. Qxb7 Qxd3 39. Qxf7 Re1+ 40. Kh2 Qd6+ 41. Rg3 Qe5 42. b4 cxb4 43. cxb4 Re4 44. Qg6+ Kh8 45. b5 axb5 46. axb5 Rh4+ 47. Kg2 Qe2+ 48. Kg1 Qh2+ 49. Kf1 Rf4+ 50. Ke1 Qf2+ 51. Kd1 Qf1+ 52. Kd2 Rf2+ 53. Ke3 Qe1+ 54. Kd3 Qd2+ 0-1

[Event "Titled Tuesday intern op 7th Mar Late"]
[Site "Chess.com INT"]
[Date "2023.03.07"]
[Round "3"]
[White "Deac, Bogdan Daniel"]
[Black "Grover, Sahaj"]
[Result "1-0"]
[WhiteElo "2700"]
[BlackElo "2509"]
[PlyCount "117"]
[EventDate "2023.03.07"]
[EventType "swiss (blitz)"]
[EventRounds "11"]
[EventCountry "USA"]
[SourceTitle "EXT 2024"]
[Source "ChessBase"]
[SourceDate "2023.10.10"]
[SourceVersion "1"]
[SourceVersionDate "2023.10.10"]
[SourceQuality "1"]

1. b3 d5 2. Bb2 Bf5 3. e3 e6 4. c4 Nf6 5. cxd5 exd5 6. Qf3 Be4 7. Bxf6 gxf6 8. Qh5 Bg6 9. Qh4 Nc6 10. Bb5 Qd6 11. Qa4 0-0-0 12. Bxc6 Qxc6 13. Qxc6 bxc6 14. Ne2 Rg8 15. Nbc3 Ba3 16. Na4 c5 17. Nec3 Bd3 18. Nb1 Bb4 19. a3 Rxg2 20. Nb2 Bxb1 21. Rxb1 Bxa3 22. Nd3 c4 23. Nf4 Rg5 24. h4 Re5 25. bxc4 dxc4 26. Ke2 a5 27. Rhg1 Bb4 28. Rb2 c3 29. dxc3 Bxc3 30. Rc2 Bb4 31. Rg7 Rc5 32. Rxc5 Bxc5 33. Rxf7 a4 34. Ne6 Bd6 35. Nxd8 a3 36. Rg7 Kxd8 37. Rg4 Be5 38. Ra4 Bb2 39. Kd3 Kd7 40. Kc2 Kd6 41. Rg4 f5 42. Rg8 c5 43. Ra8 c4 44. Ra7 h5 45. Ra5 Ke6 46. f3 Kf6 47. e4 fxe4 48. fxe4 Ke6 49. Rxh5 Be5 50. Rh6+ Bf6 51. Kb1 c3 52. h5 a2+ 53. Kxa2 c2 54. Rxf6+ Kxf6 55. Kb2 Kg5 56. Kxc2 Kxh5 57. Kd3 Kg6 58. Kd4 Kf6 59. Kd5 1-0